Atomic energy in India 50 years (Record no. 12844)
[ view plain ]
| 000 -LEADER | |
|---|---|
| fixed length control field | 00625nam a2200193Ia 4500 |
| 003 - CONTROL NUMBER IDENTIFIER | |
| control field | IN-BaIIA |
| 008 - FIXED-LENGTH DATA ELEMENTS--GENERAL INFORMATION | |
| fixed length control field | 211028s9999 xx 000 0 eng d |
| 040 ## - CATALOGING SOURCE | |
| Transcribing agency | IIA Library |
| 080 ## - UNIVERSAL DECIMAL CLASSIFICATION NUMBER | |
| Universal Decimal Classification number | 539.1(540) |
| Item number | SUN |
| 100 ## - MAIN ENTRY--PERSONAL NAME | |
| Personal name | Sundaram, C. V. |
| 9 (RLIN) | 22526 |
| 245 #0 - TITLE STATEMENT | |
| Title | Atomic energy in India 50 years |
| Statement of responsibility, etc. | C. V. Sundaram, L. V. Krishnan and T. S. Iyengar |
| 260 ## - PUBLICATION, DISTRIBUTION, ETC. | |
| Place of publication, distribution, etc. | Mumbai |
| Name of publisher, distributor, etc. | Department of Atomic Energy |
| Date of publication, distribution, etc. | 1998 |
| 300 ## - PHYSICAL DESCRIPTION | |
| Extent | ii, 227p. |
| 650 ## - SUBJECT ADDED ENTRY--TOPICAL TERM | |
| Topical term or geographic name entry element | Atomic energy - history |
| 9 (RLIN) | 22527 |
| 650 ## - SUBJECT ADDED ENTRY--TOPICAL TERM | |
| Topical term or geographic name entry element | India |
| 700 ## - ADDED ENTRY--PERSONAL NAME | |
| Personal name | Iyengar, T. S |
| 9 (RLIN) | 22528 |
| 700 ## - ADDED ENTRY--PERSONAL NAME | |
| Personal name | Krishnan, L. V. |
| 9 (RLIN) | 22529 |
| 942 ## - ADDED ENTRY ELEMENTS (KOHA) | |
| Koha item type | Books |
| Withdrawn status | Lost status | Damaged status | Not for loan | Home library | Current library | Shelving location | Date acquired | Total Checkouts | Full call number | Barcode | Date last seen | Price effective from | Koha item type |
|---|---|---|---|---|---|---|---|---|---|---|---|---|---|
| IIA Library-Bangalore | IIA Library-Bangalore | General Stacks | 19/01/1999 | 539.1(540)/ SUN | 13761 | 05/11/2021 | 19/01/1999 | Books |